| 000 | nam a22 7a 4500 | ||
|---|---|---|---|
| 999 |
_c16770 _d16770 |
||
| 008 | 161116b xxu||||| |||| 00| 0 eng d | ||
| 020 | _a9781567656404 | ||
| 050 |
_aHB 171.5 _b.A58 2007 |
||
| 100 |
_aAntell,Gerson. _d2007 |
||
| 245 | _aEconomics for everybody. | ||
| 250 | _a3rd ed | ||
| 260 |
_bAmsco school, _c2007. |
||
| 300 | _aviii,630p. | ||
| 942 |
_2lcc _cBOOKS _hHB 171.5 .A58 2007 _01 |
||